000 00618nam a2200181 4500
001 109344
003 ES-MaACL
005 20230906184826.0
007 t|
008 061121s1933 sp r ||||1| spa d
100 1 _aMuiño Arroyo, Manuel.
_984081
245 1 0 _aMemoria sobre la labor realizada por el primer ayuntamiento de la Segunda República española /
_cManuel Muiño Arroyo.
260 _aMadrid :
_bAyuntamiento de Madrid,
_c1933 (
_fArtes Gráficas Municipales)
300 _a189 p. :
_bil. ;
_c21 cm.
710 1 _aMadrid.
_bAyuntamiento
_9234069
852 _aES-MaACL
_jA-1747
999 _c109344
_d109344